| 000 | 00744cam a2200205 a 4500 | ||
|---|---|---|---|
| 020 | _a9781401826406 | ||
| 020 | _a1401826407 | ||
| 040 | _cDLC | ||
| 082 | 0 | 0 | _a636 THO 2006 A090 Co. |
| 100 | 1 | _aTisch, David. | |
| 245 | 1 | 0 | _aAnimal feeds, feeding, and nutrition and ration evaluation with CD-ROM / |
| 260 |
_aClifton Park, NY : _bThomson Delmar Learning, _cc2006. |
||
| 300 |
_axviii, 491 p. : _bills. ; _c29 cm + _e1 CD-ROM (4 3/4 in.) |
||
| 650 | 0 | _aFeeds | |
| 650 | 0 | _aAnimal nutrition | |
| 856 | 4 | 2 | _uhttp://www.loc.gov/catdir/enhancements/fy1103/2005051182-b.html |
| 856 | 4 | 2 | _uhttp://www.loc.gov/catdir/enhancements/fy1103/2005051182-d.html |
| 856 | 4 | 1 | _uhttp://www.loc.gov/catdir/enhancements/fy1103/2005051182-t.html |
| 942 | _cEK | ||
| 999 |
_c15831 _d15831 |
||